[Event "Chess House 2012"]
[Site "?"]
[Date "2012.07.14"]
[Round "7.1"]
[White "de Blecourt, 2069, WFM Sandra"]
[Black "Krasenkova, 2132, WIM Ilena"]
[Result "0-1"]
[LiveChessVersion "1.3.1"]
[BlackElo "2132"]
[WhiteElo "2069"]

1. d4 Nf6 2. c4 c5 3. d5 b5 4. cxb5 a6 5. b6 Qxb6 6. Nc3 g6 7. Nf3 d6 8. Nd2 a5
9. e4 Bg7 10. Bb5+ Bd7 11. Be2 O-O 12. O-O Bc8 13. Nc4 Qd8 14. Bg5 Ba6 15. Ne3
Qb6 16. Qc2 Nbd7 17. Rad1 Rfb8 18. b3 Bxe2 19. Nxe2 Qb4 20. Nc4 a4 21. Nc1 axb3
22. axb3 h6 23. Bd2 Qb5 24. Bc3 Nb6 25. Qe2 Nxc4 26. bxc4 Qb1 27. Rd3 Ra4 28. Re3
Nd7 29. f4 Bxc3 30. Rxc3 Qb2 31. Qd3 Ra1 32. Qh3 Kg7 33. e5 dxe5 34. f5 g5 35. d6
Nf6 36. dxe7 Re8 37. Qe3 Rxe7 38. h4 g4 39. Rd3 e4 40. Rd6 Qe5 41. Rfd1 Rea7 42.
Rc6 R7a3 43. Qe1 Rc3 44. Ne2 Rxd1 45. Qxd1 Rxc4 46. Qb3 Rb4 47. Qe3 Rb1+ 48. Kf2
Qxf5+ 49. Kg3 Qe5+ 50. Nf4 Rb5 51. Kf2 Qd4 0-1

[Event "Chess House 2012"]
[Site "?"]
[Date "2012.07.14"]
[Round "7.2"]
[White "Jørgensen, 2039, Carina"]
[Black "Doluhanova, 2194, WGM Evgeniya"]
[Result "0-1"]
[LiveChessVersion "1.3.1"]
[BlackElo "2194"]
[WhiteElo "2039"]

1. c4 {[%clk 1:30:57]} e5 {[%clk 1:24:04]} 2. g3 {[%clk 1:30:42]} d6
{[%clk 1:24:26]} 3. Bg2 {[%clk 1:30:43]} g6 {[%clk 1:24:38]} 4. e3
{[%clk 1:27:57]} Bg7 {[%clk 1:24:35]} 5. Ne2 {[%clk 1:27:39]} Ne7
{[%clk 1:24:32]} 6. f4 {[%clk 1:24:00]} O-O {[%clk 1:23:07]} 7. O-O
{[%clk 1:23:11]} Nbc6 {[%clk 1:21:17]} 8. fxe5 {[%clk 1:21:22]} dxe5
{[%clk 1:21:18]} 9. Nbc3 {[%clk 1:21:11]} Bg4 {[%clk 1:19:09]} 10. Ne4
{[%clk 1:15:27]} Qd3 {[%clk 1:16:17]} 11. Nf2 Qxe2 {[%clk 1:15:18]} 12. Nxg4
{[%clk 1:13:29]} Qxc4 {[%clk 1:12:09]} 13. Nf6+ {[%clk 1:10:14]} Bxf6
{[%clk 1:08:50]} 14. Rxf6 {[%clk 1:10:39]} Rad8 {[%clk 1:08:57]} 15. b3
{[%clk 1:02:40]} Qc3 {[%clk 1:05:39]} 16. Rb1 {[%clk 0:52:48]} Qxe3+
{[%clk 1:05:38]} 17. Kh1 {[%clk 0:48:08]} Qg5 {[%clk 1:05:36]} 18. Rf2
{[%clk 0:48:03]} Nf5 {[%clk 1:02:19]} 19. Qf1 {[%clk 0:45:56]} Ncd4
{[%clk 0:55:11]} 20. Bxb7 {[%clk 0:43:05]} c6 {[%clk 0:53:16]} 21. Qg2
{[%clk 0:40:58]} e4 {[%clk 0:50:00]} 22. Qxe4 {[%clk 0:37:29]} Rfe8
{[%clk 0:48:46]} 23. Qf4 {[%clk 0:36:30]} Nxg3+ {[%clk 0:19:33]} 24. hxg3
{[%clk 0:33:59]} Re1+ {[%clk 0:19:45]} 25. Kh2 {[%clk 0:31:57]} Qd5
{[%clk 0:19:40]} 26. Rf1 {[%clk 0:28:45]} Rxf1 {[%clk 0:18:39]} 27. Qxf1
{[%clk 0:29:08]} Nf3+ {[%clk 0:18:55]} 28. Kh3 {[%clk 0:25:55]} Qf5+
{[%clk 0:17:49]} 29. Kg2 {[%clk 0:26:10]} Qxb1 {[%clk 0:18:01]} 30. Kxf3
{[%clk 0:25:58]} Rxd2 {[%clk 0:18:02]} 31. g4 {[%clk 0:16:52]} Rc2
{[%clk 0:12:54]} 32. Qd1 {[%clk 0:07:37]} Qxc1 {[%clk 0:12:51]} 33. Qd8+
{[%clk 0:08:00]} Kg7 {[%clk 0:13:17]} 34. Qd4+ {[%clk 0:06:58]} Kh6
{[%clk 0:12:37]} 35. Qxa7 {[%clk 0:07:01]} Qh1+ {[%clk 0:11:57]} 36. Kf4
{[%clk 0:07:01]} g5+ {[%clk 0:12:05]} 37. Ke5 {[%clk 0:06:56]} Qd5+
{[%clk 0:12:28]} 0-1

[Event "Chess House 2012"]
[Site "?"]
[Date "2012.07.14"]
[Round "7.3"]
[White "Berg, 2005, WFM Susanna"]
[Black "Zhang, 2087, Fan"]
[Result "1/2-1/2"]
[LiveChessVersion "1.3.1"]
[BlackElo "2087"]
[WhiteElo "2005"]

1. e4 {[%clk 1:30:56]} e6 {[%clk 1:30:53]} 2. d4 {[%clk 1:31:22]} d5
{[%clk 1:31:16]} 3. Nc3 {[%clk 1:31:31]} Nf6 {[%clk 1:31:33]} 4. Bg5
{[%clk 1:31:10]} dxe4 {[%clk 1:29:43]} 5. Nxe4 {[%clk 1:30:08]} Be7
{[%clk 1:30:06]} 6. Bxf6 {[%clk 1:30:02]} gxf6 {[%clk 1:30:17]} 7. Nf3
{[%clk 1:28:01]} b6 {[%clk 1:29:52]} 8. Bb5+ {[%clk 1:23:05]} c6 {[%clk 1:28:35]}
9. Bd3 {[%clk 1:21:31]} Bb7 {[%clk 1:28:39]} 10. Qd2 {[%clk 1:12:27]} Nd7
{[%clk 1:26:54]} 11. Qf4 {[%clk 1:01:16]} Nf8 {[%clk 1:25:53]} 12. h4
{[%clk 0:56:14]} Ng6 {[%clk 1:18:26]} 13. Qh6 {[%clk 0:46:19]} Bf8
{[%clk 1:11:16]} 14. Qe3 {[%clk 0:46:14]} h5 {[%clk 1:08:50]} 15. g3
{[%clk 0:44:38]} Qe7 {[%clk 1:02:47]} 16. Qe2 {[%clk 0:44:26]} Bh6
{[%clk 1:01:28]} 17. Ned2 {[%clk 0:35:30]} O-O-O {[%clk 0:55:20]} 18. Ba6
{[%clk 0:33:03]} f5 {[%clk 0:48:50]} 19. Bxb7+ {[%clk 0:33:00]} Kxb7
{[%clk 0:49:19]} 20. O-O-O {[%clk 0:29:48]} f4 {[%clk 0:47:39]} 21. Kb1
{[%clk 0:29:52]} Qc7 {[%clk 0:44:46]} 22. Ne4 {[%clk 0:26:53]} Bg7
{[%clk 0:31:06]} 23. c3 {[%clk 0:18:18]} fxg3 {[%clk 0:25:48]} 24. fxg3
{[%clk 0:18:41]} Ne7 {[%clk 0:26:01]} 25. Nfg5 {[%clk 0:16:53]} Nf5
{[%clk 0:26:12]} 26. Qf3 {[%clk 0:16:11]} Rdg8 {[%clk 0:15:22]} 27. Qf4
{[%clk 0:11:45]} Qxf4 {[%clk 0:12:24]} 28. gxf4 {[%clk 0:12:13]} Rf8
{[%clk 0:12:34]} 29. Rdg1 {[%clk 0:11:50]} Kc7 {[%clk 0:12:25]} 30. Ng3
{[%clk 0:11:46]} Nxg3 {[%clk 0:08:39]} 31. Rxg3 {[%clk 0:12:13]} Bh6
{[%clk 0:08:45]} 32. Rhg1 {[%clk 0:09:22]} Kd7 {[%clk 0:08:47]} 33. Kc2
{[%clk 0:08:13]} Ke7 {[%clk 0:08:43]} 34. Kd3 {[%clk 0:07:22]} Rhg8
{[%clk 0:05:43]} 35. Ke4 {[%clk 0:06:04]} Rg6 {[%clk 0:04:57]} 36. Nh3
{[%clk 0:05:27]} Rfg8 {[%clk 0:04:04]} 37. Rxg6 {[%clk 0:05:42]} Rxg6
{[%clk 0:04:33]} 38. Rxg6 {[%clk 0:06:02]} fxg6 {[%clk 0:05:02]} 39. Nf2
{[%clk 0:05:35]} Bg7 {[%clk 0:00:43]} 40. Nd3 {[%clk 0:04:28]} Kd6
{[%clk 0:00:45]} 41. Ne1 {[%clk 0:04:13]} Bf6 {[%clk 0:30:23]} 42. Nf3
{[%clk 0:35:38]} c5 {[%clk 0:27:51]} 43. b3 {[%clk 0:25:45]} cxd4
{[%clk 0:24:14]} 44. cxd4 {[%clk 0:26:07]} Bd8 {[%clk 0:23:54]} 45. Ng5
{[%clk 0:22:45]} 1/2-1/2

[Event "Chess House 2012"]
[Site "?"]
[Date "2012.07.14"]
[Round "7.4"]
[White "Fredericia, 2081, WFM Louise"]
[Black "Kirsanova, 2159, WFM Ekaterina"]
[Result "1/2-1/2"]
[LiveChessVersion "1.3.1"]
[BlackElo "2159"]
[WhiteElo "2081"]

1. c4 {[%clk 1:30:52]} c5 {[%clk 1:30:16]} 2. g3 {[%clk 1:31:13]} Nf6
{[%clk 1:30:20]} 3. Bg2 {[%clk 1:31:34]} d5 {[%clk 1:30:24]} 4. cxd5
{[%clk 1:31:55]} Nxd5 {[%clk 1:30:53]} 5. Nc3 {[%clk 1:32:09]} Nc7
{[%clk 1:31:13]} 6. Nf3 {[%clk 1:32:05]} Nc6 {[%clk 1:31:03]} 7. O-O
{[%clk 1:32:20]} e5 {[%clk 1:30:44]} 8. d3 {[%clk 1:32:34]} Be7 {[%clk 1:29:47]}
9. Nd2 {[%clk 1:32:23]} Be6 {[%clk 1:26:17]} 10. Nc4 {[%clk 1:27:12]} f6
{[%clk 1:25:59]} 11. f4 {[%clk 1:25:05]} exf4 {[%clk 1:25:08]} 12. Bxf4
{[%clk 1:20:34]} Qd7 {[%clk 1:20:46]} 13. a4 {[%clk 1:15:44]} O-O
{[%clk 1:19:22]} 14. Bxc7 {[%clk 0:59:11]} Qxc7 {[%clk 1:19:09]} 15. Nd5
{[%clk 0:54:26]} Qd7 {[%clk 1:17:41]} 16. Nxe7+ {[%clk 0:53:18]} Nxe7
{[%clk 1:14:16]} 17. Qb3 {[%clk 0:50:30]} Rab8 {[%clk 1:05:52]} 18. Kh1
{[%clk 0:42:34]} Nc6 {[%clk 0:59:06]} 19. Qb5 {[%clk 0:41:24]} Nd4
{[%clk 0:55:31]} 20. Qxd7 {[%clk 0:37:06]} Bxd7 {[%clk 0:55:58]} 21. e3
{[%clk 0:35:58]} Nc2 {[%clk 0:53:45]} 22. Rac1 {[%clk 0:27:02]} Nb4
{[%clk 0:51:59]} 23. Nd6 {[%clk 0:23:24]} Nxd3 {[%clk 0:48:31]} 24. Bd5+
{[%clk 0:18:08]} Kh8 {[%clk 0:48:59]} 25. Rc3 {[%clk 0:18:23]} Ne5
{[%clk 0:49:04]} 26. Rxc5 {[%clk 0:18:04]} Bc6 {[%clk 0:33:28]} 27. Nxb7
{[%clk 0:17:08]} Bxd5+ {[%clk 0:32:17]} 28. Rxd5 {[%clk 0:17:23]} Rxb7
{[%clk 0:20:50]} 29. Rxe5 {[%clk 0:17:37]} Rxb2 {[%clk 0:21:10]} 30. Re7
{[%clk 0:17:09]} Rc8 {[%clk 0:21:05]} 31. Kg1 {[%clk 0:15:04]} h6
{[%clk 0:20:30]} 32. Rf2 {[%clk 0:15:15]} Rb3 {[%clk 0:19:08]} 33. Rd2
{[%clk 0:12:06]} a5 {[%clk 0:16:04]} 34. Kf2 {[%clk 0:11:44]} Rb4
{[%clk 0:11:34]} 35. Rdd7 {[%clk 0:10:09]} Rg8 {[%clk 0:12:02]} 36. Ra7
{[%clk 0:09:55]} Rxa4 {[%clk 0:10:52]} 37. Kf3 {[%clk 0:10:00]} Ra2
{[%clk 0:09:40]} 38. h3 {[%clk 0:09:42]} a4 {[%clk 0:08:48]} 39. Re4
{[%clk 0:08:47]} a3 {[%clk 0:06:24]} 40. h4 {[%clk 0:08:57]} Ra1 {[%clk 0:04:26]}
41. Rea4 {[%clk 0:08:19]} Kh7 {[%clk 0:03:13]} 42. Rxa3 {[%clk 0:08:28]} Rxa3
{[%clk 0:03:19]} 43. Rxa3 {[%clk 0:08:52]} h5 {[%clk 0:03:25]} 44. g4
{[%clk 0:07:57]} Kh6 {[%clk 0:00:44]} 45. Ra5 {[%clk 0:06:58]} hxg4+
{[%clk 0:01:06]} 46. Kxg4 {[%clk 0:07:19]} Re8 {[%clk 0:00:40]} 47. Kf4
{[%clk 0:06:29]} Rb8 {[%clk 0:30:42]} 48. Rd5 {[%clk 0:37:19]} Kg6
{[%clk 0:28:21]} 49. Kg4 {[%clk 0:36:32]} Rb1 {[%clk 0:27:34]} 50. e4
{[%clk 0:36:08]} Rg1+ {[%clk 0:27:18]} 51. Kf4 {[%clk 0:36:08]} Rf1+
{[%clk 0:24:56]} 52. Kg4 {[%clk 0:36:21]} Kh6 {[%clk 0:25:08]} 53. Rh5+
{[%clk 0:36:25]} Kg6 {[%clk 0:25:36]} 54. Rd5 {[%clk 0:36:46]} Rg1+ 1/2-1/2

[Event "Chess House 2012"]
[Site "?"]
[Date "2012.07.14"]
[Round "7.5"]
[White "Skytte, 1948, Torill"]
[Black "Agrest, 2207, WIM Inna"]
[Result "1/2-1/2"]
[LiveChessVersion "1.3.1"]
[BlackElo "2207"]
[WhiteElo "1948"]

1. d4 {[%clk 1:30:57]} Nf6 {[%clk 1:30:10]} 2. Nf3 {[%clk 1:31:17]} g6
{[%clk 1:29:59]} 3. c4 {[%clk 1:31:14]} Bg7 {[%clk 1:30:06]} 4. Nc3
{[%clk 1:31:15]} O-O {[%clk 1:30:15]} 5. Bf4 {[%clk 1:31:28]} d6 {[%clk 1:29:20]}
6. h3 {[%clk 1:31:41]} Nbd7 {[%clk 1:27:02]} 7. e3 {[%clk 1:31:54]} c5
{[%clk 1:24:24]} 8. Be2 {[%clk 1:28:55]} Qa5 {[%clk 1:12:32]} 9. O-O
{[%clk 1:27:52]} a6 {[%clk 1:08:37]} 10. a3 {[%clk 1:20:14]} Qc7 {[%clk 1:02:58]}
11. Rc1 {[%clk 1:15:34]} e5 {[%clk 0:48:35]} 12. Bh2 {[%clk 1:10:46]} Re8
{[%clk 0:45:27]} 13. b4 {[%clk 1:01:44]} b6 {[%clk 0:42:25]} 14. Re1
{[%clk 0:52:00]} Bb7 {[%clk 0:34:48]} 15. d5 {[%clk 0:47:27]} Re7
{[%clk 0:29:51]} 16. Nd2 {[%clk 0:45:19]} Ne8 {[%clk 0:27:47]} 17. e4
{[%clk 0:42:26]} Bh6 {[%clk 0:24:42]} 18. Rc2 {[%clk 0:37:25]} Ng7
{[%clk 0:23:22]} 19. Rf1 {[%clk 0:31:51]} Rf8 {[%clk 0:21:23]} 20. f4
{[%clk 0:25:57]} f5 {[%clk 0:20:18]} 21. fxe5 {[%clk 0:25:26]} Nxe5
{[%clk 0:20:02]} 22. Nf3 {[%clk 0:24:05]} Be3+ {[%clk 0:17:31]} 23. Kh1
{[%clk 0:24:21]} f4 {[%clk 0:17:33]} 24. Bg1 {[%clk 0:20:08]} Nh5
{[%clk 0:14:17]} 25. Kh2 {[%clk 0:17:44]} Ng3 {[%clk 0:12:32]} 26. Re1
{[%clk 0:17:54]} Bxg1+ {[%clk 0:10:34]} 27. Kxg1 {[%clk 0:17:43]} Bc8
{[%clk 0:08:48]} 28. Nxe5 {[%clk 0:16:33]} Rxe5 {[%clk 0:09:13]} 29. Bg4
{[%clk 0:16:00]} h5 {[%clk 0:08:45]} 30. Bxc8 {[%clk 0:15:37]} Qxc8
{[%clk 0:08:52]} 31. Qd3 {[%clk 0:12:02]} Qd8 {[%clk 0:06:03]} 32. Rf2
{[%clk 0:09:39]} Qh4 {[%clk 0:05:50]} 33. Ne2 {[%clk 0:09:08]} Nxe4
{[%clk 0:04:48]} 34. Ref1 {[%clk 0:07:47]} f3 {[%clk 0:01:53]} 35. Rxf3
{[%clk 0:07:35]} Rxf3 {[%clk 0:02:03]} 36. Qxf3 {[%clk 0:07:21]} Rf5
{[%clk 0:02:13]} 37. Qe3 {[%clk 0:04:07]} Rxf1+ {[%clk 0:01:35]} 38. Kxf1
{[%clk 0:04:36]} Qf6+ {[%clk 0:01:49]} 39. Kg1 {[%clk 0:04:12]} Qa1+
{[%clk 0:02:00]} 40. Kh2 {[%clk 0:04:27]} Qe5+ {[%clk 0:02:22]} 41. Kg1
{[%clk 0:00:33]} g5 {[%clk 0:30:05]} 42. g4 {[%clk 0:23:03]} hxg4
{[%clk 0:18:14]} 43. hxg4 {[%clk 0:23:25]} Nf6 {[%clk 0:15:22]} 44. Qf3
{[%clk 0:19:40]} Kf7 {[%clk 0:13:33]} 45. Kg2 {[%clk 0:16:30]} Qe4
{[%clk 0:12:30]} 46. Qxe4 {[%clk 0:11:11]} Nxe4 {[%clk 0:12:58]} 47. Ng3
{[%clk 0:10:54]} Nd2 {[%clk 0:12:26]} 48. Nf5 {[%clk 0:10:46]} Nxc4
{[%clk 0:12:09]} 49. Kf3 {[%clk 0:10:45]} Nxa3 {[%clk 0:06:48]} 50. Nxd6+
{[%clk 0:10:56]} Ke7 {[%clk 0:05:27]} 51. bxc5 {[%clk 0:07:58]} bxc5
{[%clk 0:05:55]} 52. Ne4 {[%clk 0:08:16]} c4 {[%clk 0:06:01]} 53. Ke3
{[%clk 0:07:11]} Nb5 {[%clk 0:05:11]} 54. Kd2 {[%clk 0:07:12]} a5
{[%clk 0:05:07]} 55. Nxg5 {[%clk 0:06:42]} Kd6 {[%clk 0:04:52]} 56. Ne4+
{[%clk 0:05:54]} Kxd5 {[%clk 0:04:25]} 57. Nc3+ {[%clk 0:05:53]} Nxc3
{[%clk 0:04:35]} 58. Kxc3 {[%clk 0:06:21]} a4 {[%clk 0:05:02]} 59. Kb4
{[%clk 0:04:54]} Kd4 {[%clk 0:05:17]} 60. g5 {[%clk 0:04:54]} c3 {[%clk 0:02:54]}
61. g6 {[%clk 0:05:18]} c2 {[%clk 0:02:57]} 62. g7 {[%clk 0:05:43]} c1=Q
{[%clk 0:03:17]} 63. g8=Q {[%clk 0:06:03]} a3 {[%clk 0:03:29]} 64. Qd8+
{[%clk 0:05:21]} Ke4 {[%clk 0:03:11]} 65. Qe7+ {[%clk 0:05:20]} Kd3
{[%clk 0:03:20]} 66. Qd6+ {[%clk 0:05:17]} Ke2 {[%clk 0:03:11]} 67. Qe5+
{[%clk 0:05:25]} Kd1 {[%clk 0:01:48]} 68. Qd4+ {[%clk 0:05:24]} Qd2+
{[%clk 0:01:08]} 69. Qxd2+ {[%clk 0:05:48]} Kxd2 {[%clk 0:01:36]} 70. Kxa3
{[%clk 0:06:09]} 1/2-1/2

[Event "Chess House 2012"]
[Site "?"]
[Date "2012.07.14"]
[Round "7.6"]
[White "Hansen, 2341, FM Mads"]
[Black "Pedersen, 2454, IM Nicolai V."]
[Result "0-1"]
[LiveChessVersion "1.3.1"]
[BlackElo "2454"]
[WhiteElo "2341"]

1. e4 {[%clk 1:30:55]} e5 {[%clk 1:30:49]} 2. Nf3 {[%clk 1:31:19]} Nc6
{[%clk 1:31:06]} 3. Bc4 {[%clk 1:31:39]} Nf6 {[%clk 1:30:11]} 4. d3
{[%clk 1:31:56]} Be7 {[%clk 1:29:14]} 5. c3 {[%clk 1:31:41]} O-O {[%clk 1:27:49]}
6. O-O {[%clk 1:26:42]} d6 {[%clk 1:24:14]} 7. a4 {[%clk 1:26:59]} h6
{[%clk 1:20:28]} 8. Nbd2 {[%clk 1:25:57]} Kh8 {[%clk 1:08:40]} 9. Re1
{[%clk 1:23:18]} Nh7 {[%clk 0:53:03]} 10. d4 {[%clk 1:19:28]} Bf6
{[%clk 0:48:46]} 11. Nf1 {[%clk 1:11:36]} Bg4 {[%clk 0:45:30]} 12. d5
{[%clk 1:11:16]} Ne7 {[%clk 0:43:52]} 13. h3 {[%clk 1:09:05]} Bxf3
{[%clk 0:42:14]} 14. Qxf3 {[%clk 1:09:33]} Bg5 {[%clk 0:41:57]} 15. a5
{[%clk 1:07:58]} c6 {[%clk 0:38:01]} 16. a6 {[%clk 0:57:49]} b5 {[%clk 0:37:33]}
17. Bb3 {[%clk 0:54:36]} cxd5 {[%clk 0:35:02]} 18. exd5 {[%clk 0:54:35]} Bxc1
{[%clk 0:33:20]} 19. Rexc1 {[%clk 0:54:59]} f5 {[%clk 0:32:46]} 20. c4
{[%clk 0:46:18]} bxc4 {[%clk 0:28:41]} 21. Bxc4 {[%clk 0:44:39]} Rb8
{[%clk 0:27:08]} 22. Qe3 {[%clk 0:38:28]} Qd7 {[%clk 0:18:40]} 23. Nd2
{[%clk 0:37:01]} Nf6 {[%clk 0:16:13]} 24. Qd3 {[%clk 0:36:11]} Rxb2
{[%clk 0:15:51]} 25. Bb3 {[%clk 0:33:12]} Ne4 {[%clk 0:14:01]} 26. Ba4
{[%clk 0:21:31]} Qd8 {[%clk 0:13:39]} 27. Nxe4 {[%clk 0:19:29]} fxe4
{[%clk 0:13:43]} 28. Qxe4 {[%clk 0:19:52]} Qb6 {[%clk 0:07:19]} 29. Kh2
{[%clk 0:13:54]} Rf4 {[%clk 0:05:16]} 30. Qe3 {[%clk 0:13:06]} Qxe3
{[%clk 0:04:33]} 31. fxe3 {[%clk 0:13:33]} Rff2 {[%clk 0:04:47]} 32. Rg1
{[%clk 0:12:50]} Nxd5 {[%clk 0:04:42]} 33. Rac1 {[%clk 0:09:28]} Nxe3
{[%clk 0:03:26]} 34. Rc7 {[%clk 0:08:26]} Rb6 {[%clk 0:01:31]} 35. Re1
{[%clk 0:04:47]} Rxg2+ {[%clk 0:01:35]} 36. Kh1 {[%clk 0:05:16]} Ra2
{[%clk 0:01:39]} 37. Bc6 {[%clk 0:04:34]} d5 {[%clk 0:01:16]} 38. Be8
{[%clk 0:03:10]} Rbb2 {[%clk 0:01:08]} 0-1

[Event "Chess House 2012"]
[Site "?"]
[Date "2012.07.14"]
[Round "7.7"]
[White "Eggleston, 2323, FM David"]
[Black "Papp, 2303, WGM Petra"]
[Result "1/2-1/2"]
[LiveChessVersion "1.3.1"]
[BlackElo "2303"]
[WhiteElo "2323"]

1. e4 {[%clk 1:30:56]} c5 {[%clk 1:30:50]} 2. Nf3 {[%clk 1:31:16]} d6
{[%clk 1:31:09]} 3. d4 {[%clk 1:31:41]} cxd4 {[%clk 1:31:30]} 4. Nxd4
{[%clk 1:32:05]} Nf6 {[%clk 1:31:52]} 5. Nc3 {[%clk 1:32:31]} a6 {[%clk 1:32:14]}
6. Be3 {[%clk 1:32:54]} e5 {[%clk 1:32:08]} 7. Nb3 {[%clk 1:33:17]} Be7
{[%clk 1:32:29]} 8. Be2 {[%clk 1:28:48]} Be6 {[%clk 1:30:21]} 9. O-O
{[%clk 1:26:04]} O-O {[%clk 1:30:41]} 10. a4 {[%clk 1:26:26]} Nc6
{[%clk 1:30:34]} 11. a5 {[%clk 1:25:57]} Nb4 {[%clk 1:29:27]} 12. Bb6
{[%clk 1:22:13]} Qd7 {[%clk 1:28:11]} 13. Ra4 {[%clk 1:20:56]} d5
{[%clk 1:19:35]} 14. Nc5 {[%clk 1:14:14]} Qc6 {[%clk 1:10:15]} 15. Rxb4
{[%clk 1:05:45]} Bxc5 {[%clk 1:06:46]} 16. exd5 {[%clk 0:45:37]} Nxd5
{[%clk 1:05:13]} 17. Bf3 {[%clk 0:45:02]} Bxb4 {[%clk 0:56:26]} 18. Nxd5
{[%clk 0:44:58]} Bxd5 {[%clk 0:53:00]} 19. Bxd5 {[%clk 0:45:13]} Qd7
{[%clk 0:52:26]} 20. c3 {[%clk 0:44:28]} Bd6 {[%clk 0:49:04]} 21. Bxb7
{[%clk 0:43:15]} Qxb7 {[%clk 0:48:01]} 22. Qxd6 {[%clk 0:43:38]} Rfe8
{[%clk 0:45:06]} 23. Rd1 {[%clk 0:43:24]} Rac8 {[%clk 0:41:18]} 24. Qd7
{[%clk 0:31:27]} Qe4 {[%clk 0:38:27]} 25. Qd5 {[%clk 0:13:53]} Qc2
{[%clk 0:34:42]} 26. Qd2 {[%clk 0:14:08]} Qb3 {[%clk 0:29:59]} 27. Qe2
{[%clk 0:13:13]} h6 {[%clk 0:28:00]} 28. Rd2 {[%clk 0:08:57]} Rc4
{[%clk 0:16:27]} 29. g3 {[%clk 0:09:06]} Qb5 {[%clk 0:15:12]} 30. Qd3
{[%clk 0:05:55]} Qc6 {[%clk 0:12:33]} 31. Qd7 {[%clk 0:05:09]} Qa8
{[%clk 0:12:15]} 32. Qd5 {[%clk 0:03:49]} Qc8 {[%clk 0:09:14]} 33. Qd7
{[%clk 0:04:15]} Qa8 {[%clk 0:09:30]} 34. Qf5 {[%clk 0:04:24]} Rc6
{[%clk 0:07:18]} 35. Qf3 {[%clk 0:03:41]} Qc8 {[%clk 0:05:54]} 36. Qd5
{[%clk 0:02:18]} Rc4 {[%clk 0:04:38]} 37. Rd1 {[%clk 0:02:07]} Rc6
{[%clk 0:03:24]} 38. Qd7 {[%clk 0:02:11]} Qa8 {[%clk 0:02:56]} 39. Qd5
{[%clk 0:01:02]} Qc8 {[%clk 0:01:37]} 40. Rd3 {[%clk 0:00:54]} Qa8
{[%clk 0:00:33]} 41. c4 {[%clk 0:29:54]} Qc8 {[%clk 0:26:30]} 42. b3
{[%clk 0:27:25]} Rf6 {[%clk 0:23:01]} 43. Qd7 {[%clk 0:26:19]} Qa8
{[%clk 0:07:49]} 44. Qd5 {[%clk 0:25:29]} Qc8 {[%clk 0:08:14]} 45. Rd2
{[%clk 0:24:15]} Qf5 {[%clk 0:07:14]} 46. Qd7 {[%clk 0:23:34]} Ree6
{[%clk 0:07:01]} 47. Qd3 {[%clk 0:17:35]} Qxd3 {[%clk 0:05:38]} 48. Rxd3
{[%clk 0:18:04]} Rxb6 {[%clk 0:06:03]} 49. axb6 {[%clk 0:18:30]} Rxb6
{[%clk 0:06:30]} 50. Kf1 {[%clk 0:16:00]} f5 {[%clk 0:05:21]} 51. Ke2
{[%clk 0:11:05]} Kf7 {[%clk 0:05:40]} 52. Kd2 {[%clk 0:10:44]} e4
{[%clk 0:01:18]} 53. Re3 {[%clk 0:10:29]} Ke6 {[%clk 0:01:36]} 54. Kc3
{[%clk 0:10:51]} Rd6 {[%clk 0:00:53]} 55. c5 {[%clk 0:08:38]} Rd1
{[%clk 0:01:17]} 56. Re2 {[%clk 0:05:14]} Kd5 {[%clk 0:01:02]} 57. b4
{[%clk 0:04:30]} Rd3+ {[%clk 0:01:28]} 58. Kb2 {[%clk 0:03:19]} Kc6
{[%clk 0:00:44]} 59. Rc2 {[%clk 0:02:20]} g5 {[%clk 0:01:03]} 60. Rc3
{[%clk 0:00:54]} Rd2+ {[%clk 0:01:28]} 61. Rc2 {[%clk 0:01:17]} Rd3
{[%clk 0:01:47]} 62. Rc3 {[%clk 0:01:40]} 1/2-1/2

[Event "Chess House 2012"]
[Site "?"]
[Date "2012.07.14"]
[Round "7.8"]
[White "Andersen, 2328, Jackie"]
[Black "Semcesen, 2464, IM Daniel"]
[Result "0-1"]
[LiveChessVersion "1.3.1"]
[BlackElo "2464"]
[WhiteElo "2328"]

1. d4 {[%clk 1:28:48]} d5 {[%clk 1:30:28]} 2. Nf3 {[%clk 1:29:03]} Nf6
{[%clk 1:30:34]} 3. c4 {[%clk 1:28:33]} c6 {[%clk 1:30:34]} 4. e3
{[%clk 1:26:58]} Bg4 {[%clk 1:30:41]} 5. Nbd2 {[%clk 1:21:10]} e6
{[%clk 1:30:29]} 6. h3 {[%clk 1:19:58]} Bf5 {[%clk 1:27:52]} 7. Be2
{[%clk 1:15:14]} h6 {[%clk 1:25:02]} 8. O-O {[%clk 1:07:53]} Nbd7
{[%clk 1:24:45]} 9. b3 {[%clk 1:07:13]} Bd6 {[%clk 1:23:06]} 10. Bb2
{[%clk 1:06:18]} Qb8 {[%clk 1:16:55]} 11. Qc1 {[%clk 0:53:35]} O-O
{[%clk 1:08:16]} 12. Qc3 {[%clk 0:49:42]} b5 {[%clk 1:02:48]} 13. cxb5
{[%clk 0:45:35]} cxb5 {[%clk 1:02:58]} 14. Qa5 {[%clk 0:44:23]} a6
{[%clk 1:00:53]} 15. Rfc1 {[%clk 0:41:01]} Qb7 {[%clk 0:51:46]} 16. Ne5
{[%clk 0:36:58]} Rfc8 {[%clk 0:45:12]} 17. Nxd7 {[%clk 0:30:47]} Nxd7
{[%clk 0:43:19]} 18. Nf3 {[%clk 0:28:48]} Qb6 {[%clk 0:36:40]} 19. Qe1
{[%clk 0:27:58]} b4 {[%clk 0:30:42]} 20. Rxc8+ {[%clk 0:24:51]} Rxc8
{[%clk 0:30:50]} 21. Rc1 {[%clk 0:25:01]} Rc7 {[%clk 0:29:09]} 22. Qf1
{[%clk 0:19:43]} a5 {[%clk 0:28:49]} 23. Qd1 {[%clk 0:19:19]} Nf6
{[%clk 0:26:33]} 24. Nd2 {[%clk 0:14:10]} Qb8 {[%clk 0:25:06]} 25. Bf1
{[%clk 0:04:29]} Qc8 {[%clk 0:21:31]} 26. Be2 {[%clk 0:03:30]} Rxc1
{[%clk 0:16:28]} 27. Qxc1 {[%clk 0:03:28]} Qxc1+ {[%clk 0:15:58]} 28. Bxc1
{[%clk 0:03:57]} Ne4 {[%clk 0:16:11]} 29. Nxe4 {[%clk 0:04:02]} Bxe4
{[%clk 0:16:32]} 30. Kf1 {[%clk 0:03:53]} Bb1 {[%clk 0:15:49]} 31. Bd1
{[%clk 0:04:07]} Kf8 {[%clk 0:15:29]} 32. Bb2 {[%clk 0:04:32]} Bxa2
{[%clk 0:13:41]} 33. Bc2 {[%clk 0:05:01]} a4 {[%clk 0:13:31]} 34. bxa4
{[%clk 0:04:00]} Bc4+ {[%clk 0:13:50]} 35. Kg1 {[%clk 0:04:09]} b3
{[%clk 0:13:38]} 36. Bd1 {[%clk 0:03:13]} Bb4 {[%clk 0:13:37]} 37. f3
{[%clk 0:02:26]} Be1 {[%clk 0:13:01]} 38. g4 {[%clk 0:02:39]} Ke7
{[%clk 0:11:21]} 39. Kg2 {[%clk 0:02:15]} Kd6 {[%clk 0:08:52]} 40. f4
{[%clk 0:02:06]} g5 {[%clk 0:05:45]} 41. Kf3 {[%clk 0:26:21]} Kc6
{[%clk 0:36:06]} 42. e4 {[%clk 0:15:34]} Kb6 {[%clk 0:35:49]} 43. e5
{[%clk 0:14:24]} Ka5 {[%clk 0:30:21]} 0-1

[Event "Chess House 2012"]
[Site "?"]
[Date "2012.07.14"]
[Round "7.9"]
[White "Skytte, 2401, IM Rasmus"]
[Black "Kyhl Sørensen, 2181, Torben"]
[Result "1-0"]
[LiveChessVersion "1.3.1"]
[BlackElo "2181"]
[WhiteElo "2401"]

1. e4 {[%clk 1:30:57]} c5 {[%clk 1:30:50]} 2. Nc3 {[%clk 1:30:57]} f5
{[%clk 1:26:38]} 3. exf5 {[%clk 1:28:29]} Nf6 {[%clk 1:26:51]} 4. Be2
{[%clk 1:19:14]} Qc7 {[%clk 1:23:21]} 5. g4 {[%clk 1:08:25]} d5 {[%clk 0:58:16]}
6. g5 {[%clk 1:05:34]} Ne4 {[%clk 0:58:26]} 7. Bh5+ {[%clk 1:04:17]} Kd8
{[%clk 0:58:50]} 8. Nxe4 {[%clk 1:02:53]} dxe4 {[%clk 0:59:17]} 9. d3
{[%clk 1:02:35]} exd3 {[%clk 0:59:21]} 10. Qxd3+ {[%clk 1:01:45]} Bd7
{[%clk 0:54:30]} 11. Ne2 {[%clk 0:57:57]} Qd6 {[%clk 0:48:21]} 12. Qc3
{[%clk 0:51:45]} Nc6 {[%clk 0:47:10]} 13. Bf4 {[%clk 0:40:10]} Qd5
{[%clk 0:47:07]} 14. Bf3 {[%clk 0:39:49]} Qxf5 {[%clk 0:47:04]} 15. O-O-O
{[%clk 0:38:20]} Nd4 {[%clk 0:46:28]} 16. Rxd4 {[%clk 0:32:07]} cxd4
{[%clk 0:46:24]} 17. Qc7+ {[%clk 0:31:52]} Ke8 {[%clk 0:46:50]} 18. Bxb7
{[%clk 0:31:35]} e5 {[%clk 0:40:15]} 19. Bxa8 {[%clk 0:27:31]} exf4
{[%clk 0:40:23]} 20. Nxd4 {[%clk 0:27:32]} Qxg5 {[%clk 0:39:11]} 21. Re1+
{[%clk 0:27:25]} Be7 {[%clk 0:36:31]} 22. Bc6 {[%clk 0:26:02]} f3+
{[%clk 0:34:24]} 23. Kb1 {[%clk 0:24:20]} 1-0